logo

Bir Sreshtho Munshi Abdur Rouf Library
Jhenaidah Cadet College

Chip war : (Record no. 13658)

MARC details
000 -LEADER
fixed length control field 05257cam a2200493 i 4500
001 - CONTROL NUMBER
JCCL Control Number 13658
003 - CONTROL NUMBER IDENTIFIER
JCCL marc code BD-JhCC
005 - DATE AND TIME OF LATEST TRANSACTION
control field 20240313144304.0
008 - FIXED-LENGTH DATA ELEMENTS--GENERAL INFORMATION
fixed length control field 221220s2022 nyuabf e b 001 0 eng d
020 ## - INTERNATIONAL STANDARD BOOK NUMBER
International Standard Book Number 9781982172008
020 ## - INTERNATIONAL STANDARD BOOK NUMBER
International Standard Book Number 1982172002
020 ## - INTERNATIONAL STANDARD BOOK NUMBER
Cancelled/invalid ISBN 9781982172022
035 ## - SYSTEM CONTROL NUMBER
system control number (OCoLC)on1296942188
040 ## - CATALOGING SOURCE
Original cataloging agency YDX
Transcribing agency YDX
Description conventions rda
Modifying agency BDX
-- HVL
-- GRC
-- HBP
-- OI6
-- TOH
-- OJ4
-- QX7
-- BECOE
-- VP@
-- CGB
-- GZM
-- ZAQ
-- MUU
-- DLC
041 ## - LANGUAGE CODE
Language code of Book english
050 00 - LIBRARY OF CONGRESS CALL NUMBER
Classification number HD9696.I582
Item number M53 2022
082 04 - DEWEY DECIMAL CLASSIFICATION NUMBER
Classification number 338.476213815
DDC Edition number 23
Author mark and Year MIL 2022
100 1# - MAIN ENTRY--PERSONAL NAME
Personal name Miller, Chris
Titles and other words associated with a name (Research fellow),
245 10 - TITLE STATEMENT
Title Chip war :
Remainder of title The Fight For The World's Most Critical Technology /
Statement of responsibility, etc Chris Miller.
250 ## - EDITION STATEMENT
Edition statement First Scribner hardcover edition.
260 ## - PUBLICATION, DISTRIBUTION, ETC. (IMPRINT)
Place of publication, distribution, etc New York:
Name of publisher, distributor, etc Simon & Schuster Audio;
Date of publication, distribution, etc 2022.
300 ## - PHYSICAL DESCRIPTION
Pagination 534 p. :
Other physical details illustrations, map ;
Dimensions 24 cm
504 ## - BIBLIOGRAPHY, ETC. NOTE
Bibliography, etc Includes bibliographical references (pages 357-412) and index.
505 0# - FORMATTED CONTENTS NOTE
Formatted contents note Part I: Cold war chips. From steel to silicon -- The switch -- Noyce, Kilby and the integrated circuit -- Liftoff -- Mortars and mass production -- "I...WANT...TO...GET...RICH" -- Part II: The circuitry of the American world. Soviet Silicon Valley -- "Copy it" -- The transistor salesman -- "Transistor girls" -- Precision strike -- Supply chain statecraft -- Interl's revolutionaires -- The Pentagon's offset strategy -- Part II: Leadership lost? "That competition is tough" -- "At war with Japan" -- "Shipping junk" -- The crude oil of the 1980s -- Death spiral -- The Japan that can say no -- Part IV: America resurgent. The potato chip king -- Disrupting Intel -- "My enemy's enemy": the rise of Korea -- "This is the future" -- The KGB's directorate T -- "Weapons of mass destruction" : the impact of the offset -- War hero -- "The Cold War is over and you have won" -- Part V: Integrated circuits, integrated world? "We want a semiconductor industry in Taiwan" -- "All people must make semiconductors: -- Sharing God's love with the Chinese" -- Lithography wars -- The innovator's dilemma -- Running faster? -- Part VI: Offshoring innovation? "Real men have fabs" -- The fabless revolution -- Morris Chang's grand alliance -- Applie silicon -- EUV -- "There is no plan B" -- How Intel forgot innovation -- Part VII: China's challenge. Made in China -- "Call forth the assault" -- Technology transfer -- "Mergers are bound to happen" -- The rise of Huawei -- The 5G future -- The next offset -- Part VIII: The chip choke -- "Everything we're competing on" -- Fujian Jinhua -- The assault on Huawei -- China's Sputnik moment? -- Shortages and supply chains -- The Taiwan dilemma.
520 ## - SUMMARY, ETC.
Summary, etc "An epic account of the decades-long battle to control what has emerged as the world's most critical resource--microchip technology--with the United States and China increasingly in conflict. You may be surprised to learn that microchips are the new oil--the scarce resource on which the modern world depends. Today, military, economic, and geopolitical power are built on a foundation of computer chips. Virtually everything--from missiles to microwaves, smartphones to the stock market--runs on chips. Until recently, America designed and built the fastest chips and maintained its lead as the #1 superpower. Now, America's edge is slipping, undermined by competitors in Taiwan, Korea, Europe, and, above all, China. Today, as Chip War reveals, China, which spends more money each year importing chips than it spends importing oil, is pouring billions into a chip-building initiative to catch up to the US. At stake is America's military superiority and economic prosperity. Economic historian Chris Miller explains how the semiconductor came to play a critical role in modern life and how the U.S. become dominant in chip design and manufacturing and applied this technology to military systems. America's victory in the Cold War and its global military dominance stems from its ability to harness computing power more effectively than any other power. But here, too, China is catching up, with its chip-building ambitions and military modernization going hand in hand. America has let key components of the chip-building process slip out of its grasp, contributing not only to a worldwide chip shortage but also a new Cold War with a superpower adversary that is desperate to bridge the gap. Illuminating, timely, and fascinating, Chip War shows that, to make sense of the current state of politics, economics, and technology, we must first understand the vital role played by chips"--Amazon.
650 #0 - SUBJECT ADDED ENTRY--TOPICAL TERM
Topical term or geographic name as entry element Integrated circuits industry.
650 #0 - SUBJECT ADDED ENTRY--TOPICAL TERM
Topical term or geographic name as entry element Microelectronics
General subdivision History.
650 #0 - SUBJECT ADDED ENTRY--TOPICAL TERM
Topical term or geographic name as entry element Competition, International.
650 #0 - SUBJECT ADDED ENTRY--TOPICAL TERM
Topical term or geographic name as entry element International relations.
650 #0 - SUBJECT ADDED ENTRY--TOPICAL TERM
Topical term or geographic name as entry element World politics.
650 #7 - SUBJECT ADDED ENTRY--TOPICAL TERM
Topical term or geographic name as entry element Competition, International.
650 #7 - SUBJECT ADDED ENTRY--TOPICAL TERM
Topical term or geographic name as entry element Diplomatic relations.
650 #7 - SUBJECT ADDED ENTRY--TOPICAL TERM
Topical term or geographic name as entry element Integrated circuits industry.
650 #7 - SUBJECT ADDED ENTRY--TOPICAL TERM
Topical term or geographic name as entry element International relations.
650 #7 - SUBJECT ADDED ENTRY--TOPICAL TERM
Topical term or geographic name as entry element Microelectronics.
650 #7 - SUBJECT ADDED ENTRY--TOPICAL TERM
Topical term or geographic name as entry element World politics.
651 #0 - SUBJECT ADDED ENTRY--GEOGRAPHIC NAME
Geographic name United States
General subdivision Relations
Geographic subdivision China.
651 #0 - SUBJECT ADDED ENTRY--GEOGRAPHIC NAME
Geographic name China
General subdivision Relations
Geographic subdivision United States.
651 #7 - SUBJECT ADDED ENTRY--GEOGRAPHIC NAME
Geographic name China.
651 #7 - SUBJECT ADDED ENTRY--GEOGRAPHIC NAME
Geographic name United States.
655 #7 -
Genre/form data or focus term History.
Source of term fast
655 #7 -
Genre/form data or focus term Informational works.
Source of term lcgft
942 ## - ADDED ENTRY ELEMENTS (KOHA)
Source of classification or shelving scheme Dewey Decimal Classification
Koha item type Books
Holdings
Source of classification or shelving scheme Damaged status Not for loan Home library Current library Shelving location Date of accession Cost, normal purchase price Total Checkouts Full call number Barcode Date last seen Date checked out Copy number Method of acquisition Koha item type Currency
Dewey Decimal Classification     JCC Rouf Library JCC Rouf Library General Stacks   490.00 5 338.476213815 MIL 2022 19107 02/08/2026 11/10/2025 C-1 Purchase Books BDT

JCC Library | Contacts | JCC Home

Last Update on 23 September 2017
Copyright @ 2017-2020 JCC Rouf Library
Rouf Library, Jhenidah Cadet College (JCC), Bangladesh